000 00292nam a22001337a 4500
008 170817b xxu||||| |||| 00| 0 eng d
020 _a9788131516546
041 _aeng
080 _29TH
_a51
100 _a36
101 _aMAT
245 _aNUMERICAL ANALYSIS
_cBURDEN,R.L
942 _2udc
_cBK
999 _c23816
_d23816